Story – telling in school and home a study in educational aesthetics

Uloženo v:
Podrobná bibliografie
Hlavní autor: PARTRIDGE, Evelyn Newcomb
Médium: Kniha
Jazyk:angličtina
Vydáno: Macmillan 1919
Tagy: Přidat tag
Žádné tagy, Buďte první, kdo vytvoří štítek k tomuto záznamu!

MARC

LEADER 00000nam a22000007a 4500
008 201222b ||||| |||| 00| 0 eng d
100 |a PARTRIDGE, Evelyn Newcomb 
245 |a Story – telling in school and home  |b a study in educational aesthetics  |c by Evelyn Newcomb Partridge and George Everett Partridge 
260 |b Macmillan  |c 1919  |h New York  |i 180941  |l LB1042 .P25 
942 |a lcc  |c BK  |e ADEYEYE Y. S.  |f 22/12/2020 
952 |0 0  |1 0  |2 lcc  |4 0  |6 LB1042 P25  |7 0  |9 1133  |a HOL  |b HOL  |c LP  |d 2020-12-22  |l 0  |o LB1042 .P25  |p 2020-230340  |r 2020-12-22 00:00:00  |w 2020-12-22  |y BK 
999 |c 589  |d 589